Exekučný poriadok. 1

Prvá časť úplného znenia zákona NR SR č. 233/1995 Z.z. o súdnych exekútoroch a exekučnej činnosti a o zmene a doplnení ďalších zákonov. Časti: Základné ustanovenia, Súdny exekútor, Exekučná činnosť, Spôsoby vykonávania exekúcie.

Saved in:
Bibliographic Details
Format: Book Chapter
Language:Slovak
Subjects:
Tags: Add Tag
No Tags, Be the first to tag this record!

MARC

LEADER 00000naa a2200000 4500
001 r020136
005 20230921074319.3
041 0 |a slo 
044 |a SK 
245 1 0 |a Exekučný poriadok. 1 
520 |a Prvá časť úplného znenia zákona NR SR č. 233/1995 Z.z. o súdnych exekútoroch a exekučnej činnosti a o zmene a doplnení ďalších zákonov. Časti: Základné ustanovenia, Súdny exekútor, Exekučná činnosť, Spôsoby vykonávania exekúcie. 
610 2 0 |a Slovensko 
610 2 0 |a zákony 
610 2 0 |a 1995 
610 2 0 |a exekúcia 
610 2 0 |a exekútori 
610 2 0 |a konanie súdne občianske